000 01876 a2200253 4500
001 120661
020 _a9788582356111
040 _cEscola Canadense de Niteroi
090 _aPIM
100 _aPimenta, Paula
245 1 0 _aFazendo meu filme: Fani na terra da rainha
250 _a2.ed.
260 _aSão Paulo
300 _a328 p.
_c1 x 14 x 2 cm
362 0 _a2022
490 0 _aFazendo meu filme
520 _aDepois de conquistar milhares de leitores e leitoras, a nossa doce e querida Fani volta ainda mais divertida e encantadora. O segundo volume do livro Fazendo meu filme apresenta as aventuras de Estefânia Castelino Belluz na terra da rainha. Sim, na Inglaterra! Longe do grande amor, ela passa por momentos de alegria, dor, saudade, tristeza e, mais do que isso, pode conhecer melhor a si mesma. Sem deixar de lado suas amigas inseparáveis e sua família, ela consegue, no outro continente, viver momentos cheios de suspense, revelações, aventuras, descobertas e emoções fortíssimas! Feliz, triste, preocupada, ansiosa, temerosa, otimista, insegura, cheia de si, apaixonada, desiludida, seja como estiver, Fani mostra a cada página deste livro que não é mais aquela menina tão frágil que muitas vezes se escondia por trás de sua timidez. Mais do que a história de uma adolescente que se encoraja a fazer intercâmbio e morar fora por um ano, este livro fala de um grande e delicado amor. Em meio a uma avalanche de sentimentos e acontecimentos surpreendentes, ela consegue viver intensamente na Inglaterra, conhecendo pessoas que conquistam seu coração e sua amizade para toda a vida. Porém, o melhor filme de sua vida ainda está para ser contado, ou melhor, vivido…
650 4 _aLiteratura Infanto Juvenil
650 4 _aVida Escolar
650 4 _aSonhos
650 4 _aAmizade
650 4 _aVida Adolescente
942 _cBK
999 _c120661
_d120661